<?xml version="1.0" encoding="UTF-8"?>
<record
    xmlns:xsi="http://www.w3.org/2001/XMLSchema-instance"
    xsi:schemaLocation="http://www.loc.gov/MARC21/slim http://www.loc.gov/standards/marcxml/schema/MARC21slim.xsd"
    xmlns="http://www.loc.gov/MARC21/slim">

  <leader>03682nam a2200385 a 4500</leader>
  <controlfield tag="003">CHAP</controlfield>
  <controlfield tag="005">20241028123557.0</controlfield>
  <controlfield tag="007">ta</controlfield>
  <controlfield tag="008">241028s2010    mx ad||frm||| 001 0 spa d</controlfield>
  <datafield tag="040" ind1=" " ind2=" ">
    <subfield code="a">CHAP</subfield>
    <subfield code="c">CHAP</subfield>
  </datafield>
  <datafield tag="041" ind1="0" ind2=" ">
    <subfield code="a">spa</subfield>
    <subfield code="b">eng</subfield>
  </datafield>
  <datafield tag="090" ind1=" " ind2=" ">
    <subfield code="a">Tesis </subfield>
    <subfield code="b">P47 </subfield>
    <subfield code="c">2010</subfield>
  </datafield>
  <datafield tag="100" ind1="1" ind2=" ">
    <subfield code="a">P&#xE9;rez Castillo, David</subfield>
  </datafield>
  <datafield tag="240" ind1="1" ind2=" ">
    <subfield code="a">Three network value analysis of organic agrifood industry in M&#xE9;xico.</subfield>
    <subfield code="l">Espa&#xF1;ol</subfield>
  </datafield>
  <datafield tag="245" ind1="1" ind2=" ">
    <subfield code="a">An&#xE1;lisis de tres redes de valor del sector agroalimentario org&#xE1;nico en M&#xE9;xico</subfield>
    <subfield code="c">David P&#xE9;rez Castillo</subfield>
  </datafield>
  <datafield tag="264" ind1=" " ind2=" ">
    <subfield code="a">Chapingo, M&#xE9;xico :</subfield>
    <subfield code="b">El autor,</subfield>
    <subfield code="c">2010</subfield>
  </datafield>
  <datafield tag="300" ind1=" " ind2=" ">
    <subfield code="a">xvi, 312 hojas :</subfield>
    <subfield code="b">ilustraciones, tablas, gr&#xE1;ficas +</subfield>
    <subfield code="e">1 CD-ROM</subfield>
  </datafield>
  <datafield tag="336" ind1=" " ind2=" ">
    <subfield code="2">rdacontent</subfield>
    <subfield code="a">texto</subfield>
    <subfield code="b">txt</subfield>
  </datafield>
  <datafield tag="337" ind1=" " ind2=" ">
    <subfield code="2">rdamedia</subfield>
    <subfield code="a">sin medio</subfield>
    <subfield code="b">n</subfield>
  </datafield>
  <datafield tag="338" ind1=" " ind2=" ">
    <subfield code="2">rdacarrier</subfield>
    <subfield code="a">volumen</subfield>
    <subfield code="b">nc</subfield>
  </datafield>
  <datafield tag="502" ind1=" " ind2=" ">
    <subfield code="a">Tesis</subfield>
    <subfield code="b">(Maestro en Ciencias en Ciencia y Tecnolog&#xED;a Agroalimentaria) --</subfield>
    <subfield code="c">UACh. Departamento de Ingenier&#xED;a Agroindustrial,</subfield>
    <subfield code="d">2010</subfield>
  </datafield>
  <datafield tag="504" ind1=" " ind2=" ">
    <subfield code="a">Bibliograf&#xED;a : hojas 227-238</subfield>
  </datafield>
  <datafield tag="520" ind1="3" ind2=" ">
    <subfield code="a">Atender a la interrogante de &#xBF;c&#xF3;mo dinamizar el crecimiento del sector org&#xE1;nico en M&#xE9;xico?, es la finalidad &#xFA;ltima en la realizaci&#xF3;n de esta investigaci&#xF3;n. Para ello, se dise&#xF1;&#xF3; una metodolog&#xED;a que incluye la aplicaci&#xF3;n de la teor&#xED;a de juegos a los negocios, el an&#xE1;lisis de redes sociales, el an&#xE1;lisis integral de empresas, el an&#xE1;lisis de redes de valor, la estrategia de creaci&#xF3;n de nuevos mercados y la metodolog&#xED;a del marco l&#xF3;gico. Se analizaron las redes de valor de un tianguis, un supermercado y una exportadora de productos org&#xE1;nicos. Los resultados indican que si bien, la necesidad de asesor&#xED;a e informaci&#xF3;n es inherente en la producci&#xF3;n org&#xE1;nica, la centralidad de los actores complementadores s&#xF3;lo fue determinante para la red de valor enfocada a la exportaci&#xF3;n. La premisa de que las estrategias de desarrollo han sido planteadas bajo una visi&#xF3;n de oferta y no de demanda, determinando el crecimiento del sector, son aplicables para el mercado nacional. En los tres casos de estudio el problema central gira en torno al bajo nivel de integraci&#xF3;n que ha impedido generar esquemas de colaboraci&#xF3;n, cooperaci&#xF3;n y asociaci&#xF3;n encaminados a elevar la competitividad del sistema. </subfield>
  </datafield>
  <datafield tag="520" ind1="3" ind2=" ">
    <subfield code="a">Addressing the question of how to stimulate the growth of the organic sector in Mexico? is the goal in this research. A methodology was designed including the application of game theory to business, social network analysis, integrated business analysis, value network analysis, the strategy of creating new markets and the logical framework approach. Three value networks were analyzed: a &#x201C;tianguis&#x201D;, a supermarket and exporter of organic products. The results indicate that, although the high need for advice and information is a property of organic production, the centrality of the complementors only appeared as a determining factor for value network aimed at export. The premise that development strategies have been raised with a supply rather than a demand vision, determining the growth of the sector, is applicable for domestic market. The low level of integration has stopped generating schemes of collaboration, cooperation and partnership aimed at increasing competitiveness of the system. </subfield>
  </datafield>
  <datafield tag="650" ind1="1" ind2="3">
    <subfield code="a">Alimentos ecol&#xF3;gicos</subfield>
    <subfield code="2">atg</subfield>
  </datafield>
  <datafield tag="650" ind1="1" ind2="3">
    <subfield code="a">Valor de mercado</subfield>
    <subfield code="2">atg</subfield>
  </datafield>
  <datafield tag="650" ind1="1" ind2="3">
    <subfield code="a">Organic foods</subfield>
    <subfield code="2">atg</subfield>
  </datafield>
  <datafield tag="650" ind1="1" ind2="3">
    <subfield code="a">Market value</subfield>
    <subfield code="2">atg</subfield>
  </datafield>
  <datafield tag="700" ind1="1" ind2=" ">
    <subfield code="a">Mu&#xF1;oz Rodr&#xED;guez, Manrrubio</subfield>
    <subfield code="e">director</subfield>
  </datafield>
  <datafield tag="700" ind1="1" ind2=" ">
    <subfield code="a">Rend&#xF3;n Medel, Roberto</subfield>
    <subfield code="e">asesor</subfield>
  </datafield>
  <datafield tag="700" ind1="1" ind2=" ">
    <subfield code="a">Florez Medina, Am&#xE9;rico Jes&#xFA;s</subfield>
    <subfield code="e">asesor</subfield>
  </datafield>
  <datafield tag="856" ind1="4" ind2="2">
    <subfield code="u">http://10.13.5.2/tesis/112971.pdf</subfield>
    <subfield code="y">DESCARGAR PDF</subfield>
  </datafield>
  <datafield tag="901" ind1=" " ind2=" ">
    <subfield code="a">Tesis P47 2010</subfield>
  </datafield>
  <datafield tag="942" ind1=" " ind2=" ">
    <subfield code="2">Clasificaci&#xF3;n Universidad Aut&#xF3;noma Chapingo</subfield>
    <subfield code="c">Tesis </subfield>
  </datafield>
  <datafield tag="999" ind1=" " ind2=" ">
    <subfield code="c">220239</subfield>
    <subfield code="d">220239</subfield>
  </datafield>
  <datafield tag="952" ind1=" " ind2=" ">
    <subfield code="0">0</subfield>
    <subfield code="1">0</subfield>
    <subfield code="2">local</subfield>
    <subfield code="4">0</subfield>
    <subfield code="5">1</subfield>
    <subfield code="7">0</subfield>
    <subfield code="8">TESIS</subfield>
    <subfield code="a">IA_</subfield>
    <subfield code="b">IA_</subfield>
    <subfield code="d">2024-10-28</subfield>
    <subfield code="e">El autor</subfield>
    <subfield code="l">0</subfield>
    <subfield code="o">Tesis P47 2010</subfield>
    <subfield code="p">1101013945</subfield>
    <subfield code="r">2024-10-28 12:41:28</subfield>
    <subfield code="t">Ej.1</subfield>
    <subfield code="y">CD</subfield>
  </datafield>
  <datafield tag="952" ind1=" " ind2=" ">
    <subfield code="0">0</subfield>
    <subfield code="1">0</subfield>
    <subfield code="2">local</subfield>
    <subfield code="4">0</subfield>
    <subfield code="5">1</subfield>
    <subfield code="7">0</subfield>
    <subfield code="8">TESIS</subfield>
    <subfield code="a">IA_</subfield>
    <subfield code="b">IA_</subfield>
    <subfield code="d">2024-10-28</subfield>
    <subfield code="e">El autor</subfield>
    <subfield code="l">0</subfield>
    <subfield code="o">Tesis P47 2010</subfield>
    <subfield code="p">1101013946</subfield>
    <subfield code="r">2024-10-28 12:41:28</subfield>
    <subfield code="t">Ej.2</subfield>
    <subfield code="y">CD</subfield>
  </datafield>
  <datafield tag="952" ind1=" " ind2=" ">
    <subfield code="0">0</subfield>
    <subfield code="1">0</subfield>
    <subfield code="2">local</subfield>
    <subfield code="4">0</subfield>
    <subfield code="7">0</subfield>
    <subfield code="8">TesDigL</subfield>
    <subfield code="a">IA_</subfield>
    <subfield code="b">IA_</subfield>
    <subfield code="c">E_L</subfield>
    <subfield code="d">2024-10-28</subfield>
    <subfield code="e">El autor</subfield>
    <subfield code="l">0</subfield>
    <subfield code="p">1201013945</subfield>
    <subfield code="r">2024-10-28 12:49:20</subfield>
    <subfield code="y">TD</subfield>
  </datafield>
</record>
